Estadística

Guardat en:
Dades bibliogràfiques
Autors principals: Spiegel, Murray R (Autor), Stephens, Larry J (Autor)
Format: Llibre
Idioma:espanyol
Publicat: Ciudad de México McGraw-Hill Interamericana 2002
Edició:3a. ed
Col·lecció:Serie Schaum
Matèries:
Etiquetes: Afegir etiqueta
Sense etiquetes, Sigues el primer a etiquetar aquest registre!

MARC

LEADER 00000nam a2200000 a 4500
001 UCL8257
003 CL-VaPUC
008 040618e20020000MX |||||||||||||||||spa|d
020 |a 9701032713 
082 0 4 |a 519.5  |b SPI  |2 21 
100 0 |a Spiegel, Murray R  |e author  |9 366 
700 0 |a Stephens, Larry J  |e author  |9 486150 
245 1 0 |a Estadística 
250 |a 3a. ed 
300 |a 541 p 
942 |c BK 
945 |d 20040618 00:00:00  |a cmena 
260 |a Ciudad de México  |b McGraw-Hill Interamericana  |c 2002 
650 0 |a Estadística matemática  |9 260028 
650 0 |a Teoría de probabilidades   |9 336944 
650 0 |a Muestreo (Estadística)  |9 270232 
650 0 |a Análisis de series de tiempo   |9 260363 
583 |a last modification  |c 20040618 00:00:00  |k Rodrigo Vera 
490 0 |a Serie Schaum 
999 |c 309614  |d 309612 
952 |0 0  |1 0  |4 0  |6 519_500000000000000_SPI_2002  |7 0  |8 A  |9 377220  |a BIBGIM  |b BIBGIM  |d 2019-11-21  |i 4027124  |o 519.5 SPI 2002  |p 4027124  |r 2025-01-15  |w 2019-11-21  |y BK  |k EST 
952 |0 0  |1 0  |4 0  |6 519_500000000000000_SPI_2002  |7 0  |8 A  |9 377221  |a BIBGIM  |b BIBGIM  |d 2019-11-21  |i 4027132  |o 519.5 SPI 2002  |p 4027132  |r 2025-01-15  |w 2019-11-21  |y BK  |k EST 
952 |0 0  |1 0  |4 0  |6 519_500000000000000_SPI_2002  |7 0  |8 A  |9 377222  |a BIBGIM  |b BIBGIM  |d 2019-11-21  |i 4027140  |o 519.5 SPI 2002  |p 4027140  |r 2025-01-15  |w 2019-11-21  |y BK  |k EST 
952 |0 0  |1 0  |2 ddc  |4 0  |6 519_500000000000000_SPI_2002  |7 0  |8 A  |9 377224  |a BIBING  |b BIBING  |c RES  |d 2019-11-21  |i 456023K  |o 519.5 SPI 2002  |p 456023K  |r 2025-01-20  |w 2019-11-21  |y BK  |k EIB 
952 |0 0  |1 0  |2 ddc  |4 0  |6 519_500000000000000_SPI_2002  |7 0  |8 A  |9 377225  |a BIBING  |b BIBING  |c RES  |d 2019-11-21  |i 4560248  |o 519.5 SPI 2002  |p 4560248  |r 2025-01-20  |w 2019-11-21  |y BK  |k EIB 
952 |0 0  |1 0  |2 ddc  |4 0  |6 519_500000000000000_SPI_2002  |7 0  |8 A  |9 377226  |a BIBING  |b BIBING  |c RES  |d 2019-11-21  |i 4560256  |o 519.5 SPI 2002  |p 4560256  |r 2025-01-20  |w 2019-11-21  |y BK  |k EIB 
952 |0 0  |1 0  |2 ddc  |4 0  |6 519_500000000000000_SPI_2002  |7 0  |8 A  |9 377227  |a BIBING  |b BIBING  |c RES  |d 2019-11-21  |i 4560264  |o 519.5 SPI 2002  |p 4560264  |r 2025-01-20  |w 2019-11-21  |y BK  |k EIB 
952 |0 0  |1 0  |2 ddc  |4 0  |6 519_500000000000000_SPI_2002  |7 0  |8 A  |9 377228  |a BIBING  |b BIBING  |c RES  |d 2019-11-21  |i 4560272  |o 519.5 SPI 2002  |p 4560272  |r 2025-01-20  |w 2019-11-21  |y BK  |k EIB 
952 |0 0  |1 0  |2 ddc  |4 0  |6 519_500000000000000_SPI_2002  |7 0  |8 A  |9 377229  |a BIBING  |b BIBING  |c RES  |d 2019-11-21  |i 4560280  |o 519.5 SPI 2002  |p 4560280  |r 2025-01-20  |w 2019-11-21  |y BK  |k EIB 
952 |0 0  |1 0  |2 ddc  |4 0  |6 519_500000000000000_SPI_2002  |7 0  |8 A  |9 377230  |a BIBING  |b BIBING  |c RES  |d 2019-11-21  |i 4560299  |o 519.5 SPI 2002  |p 4560299  |r 2025-01-20  |w 2019-11-21  |y BK  |k EIB 
952 |0 0  |1 0  |2 ddc  |4 0  |6 519_500000000000000_SPI_2002  |7 0  |8 A  |9 377231  |a BIBING  |b BIBING  |c RES  |d 2019-11-21  |i 4560302  |o 519.5 SPI 2002  |p 4560302  |r 2025-01-20  |w 2019-11-21  |y BK  |k EIB 
952 |0 0  |1 0  |2 ddc  |4 0  |6 519_500000000000000_SPI_2002  |7 0  |8 A  |9 377232  |a BIBING  |b BIBING  |c RES  |d 2019-11-21  |i 4560310  |l 2  |o 519.5 SPI 2002  |p 4560310  |r 2025-01-20  |s 2024-08-23  |w 2019-11-21  |y BK  |k EIB 
952 |0 0  |1 0  |2 ddc  |4 0  |6 519_500000000000000_SPI_2002  |7 0  |8 A  |9 377233  |a BIBING  |b BIBING  |c RES  |d 2019-11-21  |i 4560329  |o 519.5 SPI 2002  |p 4560329  |r 2025-01-20  |w 2019-11-21  |y BK  |k EIB